000 00573cam a22001457a 4500
008 180718b1965 xxu||||| |||| 00| 0 eng d
082 _aT3103x54 In2b/1964evi
100 _aIndia. Joint Committee on the Companies (Second Amendment) Bill, 1964
245 _aJoint Committee on the Companies (Second Amendment) Bill, 1964: evidence
_cby Lok Sabha Secretariat
260 _aNew Delhi
_bLok Sabha Secretariat
_c1965
300 _a153+p.
500 _aChairman: S.V. Krishnamoorthy Rao
700 _aIndia. Lok Sabha Secratariat
700 _aRao, S.V. Krishnamoorthy (Chairman)
999 _c489837
_d489837